| 000 | 00497nam a22001697a 4500 | ||
|---|---|---|---|
| 005 | 20240806130646.0 | ||
| 008 | 240806b |||||||| |||| 00| 0 eng d | ||
| 020 | _a978-81-317-6276-5 | ||
| 082 |
_a621.319 _bMUR-T. |
||
| 100 | _aMurthy, A. S Aravinda | ||
| 245 |
_aTransformers & Induction Motors/ _cby A. S Aravinda Murthy |
||
| 260 |
_aIndia : _bSanguine ; _c2010 . |
||
| 300 |
_axvi, 464 p. : _bill ; _c24 cm. |
||
| 500 | _aInclude Index. | ||
| 650 | _aElectrical/Engineering | ||
| 999 |
_c36315 _d36315 |
||